000
00341nam a2200145Ia 4500
008
150201s2010 xx 000 0 und d
082
_a
617.3
_b
M10S
100
_a
SHENOY , K. RAJGOPAL
245
_a
MANIPAL MANUAL OF INSTRUMENTS
250
_a
1ST
260
_b
CBS
_a
DELHI
_c
2010
300
_a
280
650
_a
SURGERY
942
_2
ddc
_c
BK
_0
4
999
_c
2046
_d
2046